000 01952nam a2200301Ia 4500
999 _c42418
_d42418
001 9114
003 GE_BSU
005 20240604151110.0
008 181216s2014||||ge |||||||||||||| ||geo||
020 _a9789941215254
040 _cGE_BSU
041 _ageo
080 _a929.731(479.22)+27-36(479.22) წ–71
245 _aწმინდა მეფე დავით აღმაშემებელი. წ. 2 /
_cშემდგ. კახაბერ კენკიშვილი ; პროექტის რედ. თამარ მამაცაშვილი ; მოსე ჯანაშვილი, თამარ სონღულაშვილი, ანანია ; რედ. თამარ მამაცაშვილი.
264 _aთბილისი :
_bპალიტრა L,
_c201.
300 _a205 გვ. :
_bილ. ;
_c20სმ.
490 _aსაქართველოს იმედი : ყველა წმინდანი, რომელთა შესახებაც უნდა იცოდე, 2298-0547 / პროექტის რედ. თამარ მამაცაშვილი ;
_v წ. 39
500 _aიბეჭდება სრ. საქ. კათოლიკოს-პატრიარქის ილია II-ის ლოცვა-კურთხევით
504 _aბიბლიოგრაფია გვ. 204
541 _h3ლ.
653 _aწმინდა მეფე დავით აღმაშემებელი
700 _aჯანაშვილი, მოსე
_eავტორი
_922315
700 _aსონღულაშვილი, ჯუანშერ
_eავტორი
_922316
700 _aანანია
_eავტორი
_922317
700 _a მამაცაშვილი, თამარ
_eრედაქტორი
_922318
710 _4 .
942 _cBK
_2udc